History True or False #5 - Statistics

General Stats
  • This quiz has been taken 19,039 times
  • The average score is 11 of 15
Answer Stats
Question Answer % Correct
The tallest person of all time was a professional basketball player False
94%
The city of Moscow was founded by Vladimir Lenin in 1917 False
90%
George Washington was photographed in the White House False
89%
New York City was founded by the Dutch True
88%
Emperors in imperial China typically had many concubines True
85%
Alexander the Great conquered the Persian Empire True
84%
China established a colony in South America during the Ming dynasty around 1400 A.D. False
79%
Che Guevara was a pacifist False
74%
Mahatma Gandhi was assassinated True
73%
There was a well-known Nazi war criminal with the last name "Barbie" True
72%
Several cities in China are mentioned in the Bible False
71%
The Great Pyramid of Giza is the only one of the ancient Wonders of the World that still stands today True
69%
The birth rate in India was higher 50 years ago than it is today True
59%
Old English was a Celtic language False
54%
Mead is a beverage made from fermented grains such as barley or rye False
50%
No matching quizzes found
Score Distribution
Percent of People with Each Score
Percentile by Number Answered
Your Score History
You have not taken this quiz